000 00714nas a2200241 4500
001 BR0809283
003 BR-BrBNA
005 20231205112705.0
007 ta
008 230509b bl.|||p| |||| 00| 00por d
040 _aBR-BrBNA
_bpor
_cBiblioteca Nacional de Agricultura
041 _a(Pt)
072 _aF03
100 1 _aOliveira, M. da C.P. de
100 1 _aOliveira, G.J. de
245 1 _aSuperação da dormência de sementes de Schinopsis brasiliensis
650 _aGERMINAÇÃO
650 _aSEMENTE
650 _aBARAUNA
773 0 _tCiência Rural (Brazil)
_xISSN 0103-8478
_g(Jan-Feb 2008), v. 38(1) p. 251-254
_wBR0809283
909 _a202311
_bLúcia
_c55
_dLúcia Elande
942 _2AGRIS
_n0
_cANA
999 _c199391
_d199391